| 000 | 01560nam a2200433 a 4500 | ||
|---|---|---|---|
| 003 | AR-BaBNM | ||
| 005 | 20251128204835.0 | ||
| 008 | 082120s2002 ||||||||||||||000 | spa|| | ||
| 020 | _a84-7799-027-1 | ||
| 040 | _cAR-BaBNM | ||
| 110 | 2 | _aInstituto de la Mujer [España] | |
| 245 | 0 | 0 |
_aIndicadores sociales para la mujer _bponencias presentadas en el seminario Indicadores sociales sobre la situación de la mujer. Madrid, febrero 1988 |
| 260 |
_aMadrid _bInstituto de la Mujer _bMinisterio de Trabajo y Seguridad Social de España _bFundación Largo Caballero _bFundación Friedrich Ebert _c1989 |
||
| 300 |
_a88 p. _btablas |
||
| 490 | 0 |
_aDebate _vv. 8 |
|
| 500 | _aAnexo I: listado nominal de indicadores | ||
| 504 | _aIncluye bibliografía al final de cada ponencia | ||
| 504 | _aAnexo II: bibliografía sobre indicadores sociales | ||
| 650 | 4 | _aMUJERES | |
| 650 | 4 | _aEMPLEO DE LAS MUJERES | |
| 650 | 4 | _aINDICADORES SOCIOECONOMICOS | |
| 650 | 4 | _aEDUCACION DE LA MUJER | |
| 650 | 4 | _aTRABAJADORAS | |
| 650 | 4 | _aPOLITICA DE EMPLEO | |
| 650 | 4 | _aSALUD | |
| 650 | 4 | _aFAMILIA | |
| 650 | 4 | _aESTADISTICA | |
| 651 | 4 | _aEspaña | |
| 700 | 1 | _aAlvarez Alvarez, Florentina | |
| 700 | 1 | _aGómez Castaño, Teresa | |
| 700 | 1 | _aCaillavet, France | |
| 700 | 1 | _aCasas, José Ignacio | |
| 700 | 1 | _aMartínez Ten, Carmen | |
| 700 | 1 | _aMartínez, Rosa | |
| 700 | 1 | _aIglesias de Ussel, Julio | |
| 711 | 2 |
_aSeminario Indicadores sociales sobre la situación de la mujer _cMadrid, España _9feb. 24-25 _d1988 |
|
| 942 | _cBK | ||
| 998 | _cenrique | ||
| 999 |
_c8999 _d8999 |
||